000 00723nam a22002417a 4500
003 UA-OsUOA
001 20834
007 ta
008 20031104b un ||||| |||| 00| 0 ukr d
090 _a94(477).024
_bВ27
942 _cBK
040 _aUA-OsUOA
_bukr
_cUA-OsUOA
_dUA-OsUOA
245 _aВеликий неспокій
_bдруга половина ХІІ - ХІІІ ст.
_cВ.А.Смолія, О.І. Гуржія, Р.П. Іванченко
300 _a431 с.
955 _a2
041 _aukr
080 _a94(477).024
020 _a5-319-00891-0
260 _aКиїв
_bУкраїна
_c1992
044 _aUA
650 7 _a9 Географія. Біографії. Історія
_2UDC
999 _c307018
_d307018